[Event "Andorra op 23rd"]
[Site "Andorra"]
[Date "2005.07.14"]
[Round "6"]
[White "Gurevich, Mikhail"]
[Black "Perez Candelario, Manuel"]
[Result "1-0"]
[WhiteElo "2669"]
[BlackElo "2504"]
[Annotator "Gurevich,M"]
[PlyCount "75"]
[EventDate "2005.07.09"]
[EventType "swiss"]
[EventRounds "9"]
[EventCountry "AND"]
[SourceTitle "CBM 107 Extra"]
[Source "ChessBase"]
[SourceDate "2005.09.01"]
[SourceVersion "1"]
[SourceVersionDate "2005.09.01"]
[SourceQuality "1"]

1. d4 d5 2. c4 e6 3. Nf3 Nf6 4. Bg5 c6 5. e3 Qa5+ 6. Nbd2 Ne4 7. Bf4 g5 (7...
Bb4 8. a3 Bxd2+ 9. Nxd2 Qxd2+ 10. Qxd2 Nxd2 11. Kxd2 O-O 12. b4 a6 13. Bd6 Re8
14. c5 Nd7 15. a4 e5 16. Bd3 exd4 17. exd4 Nf6 18. f3 $16 {1-0 Nikolic,
P-Sandipan,C/Amsterdam 2004/CBM 101 ext (36)}) 8. Bxb8 (8. Bxg5 dxc4 9. Bf4 c3
10. bxc3 Qxc3 11. Rc1 Qa5 12. Qc2 Nxd2 13. Nxd2 Nd7 14. Bd3 Qh5 15. O-O Be7 16.
Nc4 O-O 17. Rb1 $16 {1-0 Lorentzen,O-Schleiffer,H/ICCF-Cup8/9 V040 corr 1990/
Corr 2000 (33)}) 8... Rxb8 9. a3 Bg7 $5 {TN} (9... Nxd2 10. Nxd2 $14) 10. b4
Qd8 11. Nxe4 $5 (11. Bd3 g4 $5 12. Ng1 e5 $132) 11... dxe4 12. Nd2 e5 (12... f5
13. Qh5+ $40) 13. d5 $5 Bf5 $6 (13... cxd5 14. cxd5 O-O $5 (14... Qxd5 15. Bc4
Qc6 16. Rc1 $36) 15. Nxe4 f5 16. Nc5 e4 17. Rc1 Qd6 $14) (13... O-O $142 14.
Nxe4 f5 $44) 14. g4 $1 Bg6 15. Bg2 cxd5 16. cxd5 Qxd5 17. Nxe4 $14 Bxe4 (17...
Qxd1+ 18. Rxd1 h5 19. gxh5 $14) 18. Qxd5 Bxd5 19. Bxd5 Ke7 (19... h5 20. gxh5
Rxh5 21. Rc1 $16) (19... e4 20. Rc1 Bb2 21. Rb1 $16) 20. Rc1 Rhc8 21. Ke2 {
[/\Bd5-e4-f5]} b5 $5 {[/\22.Be4 Rc4<=>]} (21... b6 22. Be4 h6 23. Bf5 Rxc1 24.
Rxc1 $16) 22. h3 $1 $16 (22. Be4 $6 Rc4 23. Rxc4 (23. Bxh7 Rbc8 24. Rxc4 Rxc4
$132) 23... bxc4 24. Rc1 Rc8 25. Bxh7 e4 26. Bxe4 Bb2 $132) 22... h6 23. Be4
Bf8 (23... Rc4 24. Bd3 Rxc1 25. Rxc1 Rb7 26. Be4 Rd7 27. Rc5 a6 28. Bf5 $16)
24. Bf5 Rxc1 25. Rxc1 Kd6 26. Rd1+ Kc6 27. Rd7 a5 $5 (27... Rb7 28. Rd8 Be7 29.
Be4+ Kb6 30. Rc8 Rd7 (30... Rc7 31. Rb8+ Ka6 32. Bf5 $18) 31. Rc6+ Kb7 32.
Rxh6+ $18) 28. bxa5 Bxa3 29. Rxf7 b4 30. Rf6+ $5 $18 Kc5 (30... Kb5 31. Bd3+
Ka4 (31... Kxa5 32. Ra6#) 32. a6 $18) 31. a6 Ra8 (31... b3 32. Be4 b2 33. a7
Ra8 34. Ra6 Bb4 35. Kd1 Kb5 36. Bd3+ Kc5 37. Kc2 $18) 32. Be4 Ra7 33. Bb7 Kc4 (
33... b3 34. Kd3 b2 35. Kc2 $18) 34. Rxh6 Kc3 35. Rc6+ Kb2 36. Kd3 b3 37. Rb6
e4+ 38. Kc4 1-0

[Event "Hoogeveen Essent op"]
[Site "Hoogeveen"]
[Date "2004.10.19"]
[Round "5"]
[White "Gurevich, Mikhail"]
[Black "Smeets, Jan"]
[Result "1/2-1/2"]
[WhiteElo "2644"]
[BlackElo "2515"]
[Annotator "Gurevich,M"]
[PlyCount "64"]
[EventDate "2004.10.15"]
[EventType "swiss"]
[EventRounds "9"]
[EventCountry "NED"]
[SourceTitle "CBM 102 Extra"]
[Source "ChessBase"]
[SourceDate "2004.11.03"]
[SourceVersion "1"]
[SourceVersionDate "2004.11.03"]
[SourceQuality "1"]

1. c4 c6 2. Nf3 d5 3. d4 Nf6 4. Qc2 e6 5. Bg5 Nbd7 6. e3 Qa5+ 7. Nbd2 Ne4 8.
cxd5 exd5 (8... Nxg5 9. Nxg5 Nf6 10. Ngf3 cxd5 11. Bd3 Bd7 12. O-O Rc8 13. Qd1
Be7 14. Qe2 Qb6 15. Ne5 O-O 16. f4 Rc7 17. Ndf3 $13 {1-0 Gausel,E-Johansson,M/
Sweden 2003/EXT 2004 (61)}) 9. Bd3 Nxg5 10. Nxg5 h6 11. Ngf3 Bd6 12. O-O O-O (
12... Qd8 13. Rab1 $6 Qe7 14. e4 dxe4 15. Nxe4 O-O 16. Rfe1 Nb6 17. Nc5 Qf6 18.
Ne5 $13 {0-1 Berry,N-Borgo,G/Plovdiv 2003/CBM 98 no vc (59)}) 13. e4 $5 {TN} (
13. a3 Qc7 14. b4 a6 15. Rab1 Nf6 16. a4 Bg4 17. b5 axb5 18. axb5 Rfc8 19. bxc6
bxc6 $11 {1/2-1/2 Stokke,K-Leer Salvesen,B/Molde NOR 2004/The Week in Chess
505 (44)}) 13... dxe4 14. Nxe4 Qc7 $6 {[/\Nd7-b6-d5]} (14... Be7 15. Rfe1 Rd8
$5 {(/\Nd7-f8-e6)} (15... Nf6 16. Nc5 $36) 16. a3 Nf8 17. Nc5 Ne6 18. b4 Qc7
19. Bc4 $36) 15. Bc4 $1 $36 Nb6 $4 {Diagram} 16. Nf6+ $5 (16. Neg5 $3 hxg5 17.
Nxg5 Re8 18. Qh7+ Kf8 19. Rae1 $18) 16... gxf6 17. Qg6+ Kh8 18. Qxh6+ Kg8 19.
Qg6+ Kh8 20. Qxf6+ Kg8 21. Qg6+ Kh8 22. Qh6+ Kg8 23. Rae1 $6 (23. Rfe1 $1 Nd5 (
23... Nxc4 24. Qg5+ Kh8 25. Re4 f6 26. Rh4+ Qh7 27. Qg6 Qxh4 28. Nxh4 $36) 24.
Ne5 f5 (24... Re8 25. Qg5+ Kf8 26. Bxd5 Bxe5 (26... cxd5 27. Ng6+ fxg6 28. Qf6+
Qf7 29. Qh8+) 27. Qh6+ Kg8 28. Be4 $18) 25. Rac1 Qd8 26. Qg6+ Kh8 27. Bxd5 cxd5
28. Rc3 f4 29. g4 $1 $18) 23... Nd5 $8 (23... Nxc4 24. Qg5+ Kh8 25. Re4 f6 26.
Rh4+ Qh7 27. Qg6 Qxh4 28. Nxh4 $40 Bd7 29. Qh6+ Kg8 30. Ng6 $18) (23... Bf4 24.
Qg6+ Kh8 25. Qf6+ Kg8 26. Re7 Qxe7 27. Qxe7 Nxc4 28. Qf6 $40) 24. Re3 $5 (24.
Ne5 f5 25. Qg6+ Kh8 26. Bxd5 cxd5 27. f4 Bxe5 $13) 24... Bf4 25. Ng5 f6 $1 26.
Re8 $1 Rxe8 (26... Bxh2+ $1 27. Kh1 Bd6 28. Ne4 $1 Rxe8 29. Nxf6+ Kf7) 27. Qg6+
Qg7 (27... Kf8 28. Bxd5 Bxg5 (28... cxd5 29. Qxf6+ $11) 29. Qg8+ Ke7 30. Re1+
Kd6 31. Rxe8 $36 cxd5 $2 (31... Qa5 32. b4 $5) 32. Qf8+ $18) 28. Qxe8+ Qf8 29.
Qg6+ Qg7 30. Qe8+ Qf8 31. Qg6+ Qg7 32. Qe8+ Qf8 1/2-1/2

[Event "BEL-chT 9697"]
[Site "Belgium"]
[Date "1996.??.??"]
[Round "4"]
[White "Gurevich, Mikhail"]
[Black "Kuijf, Marinus"]
[Result "1-0"]
[WhiteElo "2590"]
[BlackElo "2470"]
[Annotator "Gurevich,M"]
[PlyCount "59"]
[EventDate "1996.??.??"]
[EventType "team"]
[EventRounds "11"]
[EventCountry "BEL"]
[SourceTitle "CBM 051"]
[Source "ChessBase"]
[SourceDate "1996.04.01"]
[SourceVersion "1"]
[SourceVersionDate "1996.04.01"]
[SourceQuality "1"]

1. d4 d5 2. c4 c6 3. Nf3 e6 4. Qc2 Nf6 5. g3 dxc4 6. Qxc4 b5 7. Qc2 Bb7 8. Nbd2
Nbd7 9. e4 $5 {TN} (9. Nb3 Qb6 10. Bg2 a5 $5 (10... Rc8 11. O-O c5 12. dxc5
Nxc5 13. Be3 Be4 14. Qd2 $14 {Gheorghiu,F-Ammann,W Bern 1995}) 11. a4 Bb4+ 12.
Bd2 bxa4 13. Rxa4 Qb5 14. Ra1 a4 $132 {Akesson,R-Maksimenko,A Farum 1993}) 9...
Be7 10. a3 $5 {[with idea11.b4]} Qb6 (10... c5 $5 11. Bxb5 O-O $44) 11. b4 a5 (
11... e5 12. Nxe5 Qxd4 13. Bb2 $36) 12. Rb1 axb4 13. axb4 e5 (13... Ra4 14. Qc3
e5 15. Bg2 $5 exd4 16. Nxd4 c5 17. Nf5 $36) 14. Nxe5 (14. dxe5 $6 Ng4 $17)
14... Nxe5 (14... Qxd4 15. Bb2 Qd6 (15... Qxb4 $2 16. Nxd7 Nxd7 17. Bxg7 $18)
16. Nd3 $5 $14) 15. dxe5 Ng4 16. Nf3 Ra4 (16... Ra1 $2 17. Rxa1 Bxb4+ 18. Kd1
Nxf2+ 19. Ke2 Nxh1 (19... Ng4 20. Qd3 $16) 20. Be3 $16) 17. h3 (17. Bh3 $6 h5
$132) 17... Bxb4+ (17... Nxf2 18. Qxf2 Bxb4+ 19. Bd2 $16) 18. Rxb4 Rxb4 19.
hxg4 Qa5 (19... c5 20. Nd2 O-O 21. Ba3 $16) 20. Nd2 c5 {[#]} 21. Qxc5 $1 (21.
Bg2 c4 22. O-O O-O $13) 21... Rxe4+ 22. Be2 (22. Kd1 $2 Qa4+ 23. Qc2 Re1+ $19)
22... Rxe2+ 23. Kxe2 Bxh1 24. Ba3 $1 $40 Qd8 (24... Kd8 25. f3 Re8 (25... Qc7
26. Qd5+ Qd7 27. Bd6 {(with idea Nd2-e4-c5)}) 26. Ne4 $40) 25. f3 $1 (25. Qxb5+
Qd7 26. Qc5 Bb7 $13) 25... h5 (25... Qd7 26. Ne4 $16 Bxf3+ 27. Kxf3 Qd3+ 28.
Kf2 $18) 26. gxh5 Rh6 (26... Rxh5 $2 27. Qf8+ Kd7 28. Qxf7+ Kc8 29. Qxh5 $18)
27. Ne4 (27. Qf8+ Kd7 28. Qxf7+ Kc8 29. Qxg7 Re6 30. h6 $16) 27... Rb6 (27...
Re6 28. Qf8+ Kd7 29. Qxf7+ Re7 30. e6+ $18) 28. Bb4 $18 f6 29. Qf8+ Kd7 30.
Qxd8+ (30. Qxd8+ Kxd8 31. Ba5 Kc7 32. exf6 $18) 1-0

[Event "EU-ch 4th"]
[Site "Istanbul"]
[Date "2003.06.12"]
[Round "12"]
[White "Gurevich, Mikhail"]
[Black "Pavasovic, Dusko"]
[Result "1-0"]
[WhiteElo "2635"]
[BlackElo "2584"]
[Annotator "Gurevich,M"]
[PlyCount "73"]
[EventDate "2003.05.30"]
[EventType "swiss"]
[EventRounds "13"]
[EventCountry "TUR"]
[SourceTitle "CBM 096"]
[Source "ChessBase"]
[SourceDate "2003.09.25"]
[SourceVersion "1"]
[SourceVersionDate "2003.09.25"]
[SourceQuality "1"]

1. d4 d5 2. c4 e6 3. Nf3 c6 4. e3 Nf6 5. Nbd2 c5 6. dxc5 (6. a3 cxd4 7. exd4
dxc4 8. Nxc4 Be7 9. Bf4 Nc6 10. Rc1 O-O 11. Bd3 b6 12. Nce5 Nxe5 13. dxe5 Nd5
14. Bd2 Bb7 15. Qe2 Qd7 16. Bb5 Qd8 17. O-O Rc8 18. Bd3 Qd7 19. h4 Rxc1 20.
Rxc1 Rc8 $132 {1/2-1/2 Sargissian,G-Ivanchuk,V/Istanbul TUR 2003/The Week in
Chess 448 (27)}) 6... Bxc5 7. a3 a5 8. cxd5 exd5 9. Bd3 $5 {TN} (9. Bb5+ Nc6
10. Nb3 Bb6 11. Nbd4 Bd7 12. O-O O-O 13. Qd3 Ne4 14. Bd2 Nxd4 15. exd4 Bf5 16.
Rfd1 Qf6 $15 {1/2-1/2 Ree,H-Van den Doel,E/Breda 2001/CBM 82 ext (54)}) 9...
O-O 10. Qc2 Bb6 (10... Qd6 $5) 11. O-O Nc6 12. b3 h6 (12... Be6 $5 13. Bb2 d4
14. Rae1 $5 dxe3 15. fxe3 $36) 13. Bb2 Be6 14. Rac1 Qe7 (14... d4 $5 15. e4 Rc8
16. Qb1 Ng4 17. Nc4 Bxc4 18. Rxc4 (18. Bxc4 Nce5 19. Nxe5 Nxe5 20. Bd5 Rxc1 21.
Rxc1 Qg5 (21... Qd6) 22. Rd1 Ng4 $36) 18... Nge5 19. Nxe5 Nxe5 20. Rxc8 Qxc8
21. f4 $14) 15. Qb1 Rac8 16. Qa1 $14 Rfd8 17. h3 Rc7 18. Rfe1 Rcc8 19. Rc2 $1 {
[н/\20.Rec1,21.Bb5]} (19. Nf1 Bc7 20. Rc2 Bd6 $14) 19... Rc7 20. Nf1 $1 {
[텤f1-g3-f5->]} d4 $1 21. exd4 Qd6 22. Ne3 (22. Bc4 $5 Bd5 (22... Nxd4 $2 23.
Bxd4 Bxd4 24. Nxd4 Qxd4 25. Qxd4 Rxd4 26. Rxe6 Rdxc4 27. Rxc4 Rxc4 28. Rxf6 $18
) 23. Ne5 a4 24. b4 Re8 25. Rce2 $16) 22... Bxb3 23. Nf5 Qd5 24. Rce2 a4 (24...
Bc4 25. Ne3 $18) 25. Bc1 $5 {[н/\26.Bf4,26.Bxh6]} Rcc8 (25... Nxd4 $2 26. N5xd4
Bxd4 27. Nxd4 Qxd4 28. Qxd4 Rxd4 29. Re8+ Nxe8 30. Rxe8#) (25... Ba5 26. Bf4
Rcd7 27. Rc1 $36) 26. Bf4 Re8 (26... Bxd4 27. N3xd4 Nxd4 28. Nxd4 Qxd4 29. Re8+
$18) 27. Be5 $16 Bd8 (27... Nxe5 28. Rxe5 Rxe5 29. Rxe5 Qd8 30. Ne7+ $18) 28.
Nd6 Nxe5 29. Rxe5 (29. dxe5 $142 Qxd3 30. Nxc8 Ba5 31. exf6 Rxe2 32. Ne7+ Kh7
33. fxg7 $18) 29... Rxe5 30. dxe5 Rb8 31. Nd4 $1 Bb6 (31... Nd7 32. Be4 Qc5 33.
Nxb3 axb3 34. Bf5 $16) 32. N4f5 Qxd3 33. exf6 Qd2 (33... g6 34. Nxh6+ Kh7 (
34... Kf8 35. Qe5 Be6 36. Ndxf7) 35. Nhxf7 Qd2 36. Re7 $18) 34. Ne4 $1 Qf4 35.
fxg7 Bxf2+ (35... Qxf5 36. Nf6+ Kxg7 37. Nh5+ Kg6 38. Qg7+ Kxh5 39. g4+) 36.
Nxf2 Qxf5 37. Ng4 (37. Ng4 Qg5 (37... Qg6 38. Nf6+ Kxg7 39. Nd7+ $18) 38. Nf6+
Kxg7 39. Ne4+ $18) 1-0

[Event "Platonov Memorial"]
[Site "Kiev"]
[Date "1995.??.??"]
[Round "1"]
[White "Mochalov, Evgeny Veniaminovic"]
[Black "Koutsin, Sergey"]
[Result "1-0"]
[WhiteElo "2470"]
[BlackElo "2455"]
[Annotator "Hecht,H"]
[PlyCount "161"]
[EventDate "1995.??.??"]
[EventType "tourn"]
[EventRounds "13"]
[EventCountry "UKR"]
[EventCategory "10"]
[SourceTitle "CBM 051"]
[Source "ChessBase"]
[SourceDate "1996.04.01"]
[SourceVersion "1"]
[SourceVersionDate "1996.04.01"]
[SourceQuality "1"]

1. d4 d5 2. c4 c6 3. Nf3 e6 4. Nbd2 Nf6 5. g3 c5 6. cxd5 exd5 7. Bg2 Nc6 8. O-O
Be7 9. dxc5 Bxc5 10. a3 O-O 11. b4 Bb6 12. Bb2 Re8 13. Nb3 Qe7 14. b5 Na5 15.
Nxa5 Bxa5 16. e3 Bf5 17. Qa4 Bb6 18. Qf4 Be4 19. Bxf6 Qxf6 20. Qxf6 gxf6 21.
Rfd1 a6 22. bxa6 Rxa6 23. Nd4 Bc5 24. Nb5 Ra5 25. Nc7 Re7 26. Nxd5 Bxd5 27.
Rxd5 b6 28. a4 Kg7 29. Rdd1 Bb4 30. Bc6 Rc5 31. Bb5 Rec7 32. Ra2 Ba5 33. Kg2
Rc1 34. Rxc1 Rxc1 35. Kf3 Bb4 36. Rb2 Bc3 37. Re2 Ba5 38. h4 Bb4 39. Rb2 Bc3
40. Ra2 Bb4 41. Bd3 Bc3 42. Be4 Rd1 43. Rc2 Be1 44. Ke2 Ra1 45. Bd5 Bb4 46. Rc7
Rxa4 47. Bxf7 Kf8 48. Bb3 Ra3 49. Be6 Be7 50. Rb7 Ra6 51. Bc4 Ra4 52. Bd3 h6
53. Rxb6 Rb4 54. Rc6 Bd8 55. Rc8 Ke7 56. Rc5 Kf8 57. Rh5 Rb2+ 58. Kf3 Rd2 59.
Be4 Kg7 60. Rb5 Rd7 61. Ke2 Be7 62. f4 Bd8 63. Kf3 Be7 64. Bd5 Rc7 65. e4 Bc5
66. Kg4 Bd4 67. h5 Bc5 68. Kf5 Bd4 69. Rb8 Ra7 70. Rg8+ Kh7 71. Rd8 Kg7 72. g4
Bc3 73. Rg8+ Kh7 74. Rg6 Rg7 75. Rxf6 Bxf6 76. Kxf6 {L+2verbundene Freibauern
- T, eingeklemmter sK, einfacher Gewinn} Rxg4 77. f5 Rg2 78. e5 Rd2 79. e6 Rxd5
80. e7 Rd6+ 81. Kf7 1-0

[Event "RUS-ch m1-2"]
[Site "Elista"]
[Date "1997.05.23"]
[Round "2.2"]
[White "Vaulin, Alexander"]
[Black "Shcherbakov, Ruslan"]
[Result "0-1"]
[WhiteElo "2490"]
[BlackElo "2580"]
[Annotator "Hecht,H"]
[PlyCount "156"]
[EventDate "1997.05.19"]
[EventType "k.o."]
[EventRounds "6"]
[EventCountry "RUS"]
[SourceTitle "CBM 059"]
[Source "ChessBase"]
[SourceDate "1997.08.01"]
[SourceVersion "1"]
[SourceVersionDate "1997.08.01"]
[SourceQuality "1"]

1. c4 e6 2. g3 d5 3. d4 dxc4 4. Bg2 c5 5. Qa4+ Bd7 6. Qxc4 Bc6 7. Nf3 Nd7 8.
O-O Ngf6 9. Nc3 Rc8 10. Be3 b5 11. Qd3 b4 12. Nb1 c4 13. Qc2 Be7 14. Bg5 Be4
15. Qa4 O-O 16. Nbd2 Bc6 17. Qc2 Nb6 18. Rac1 Ba4 19. Qb1 c3 20. Nb3 Bb5 21.
Rfe1 Na4 22. bxc3 Nxc3 23. Qb2 Qb6 24. e4 h6 25. Bxf6 Bxf6 26. Bf1 Bxf1 27.
Kxf1 Qa6+ 28. Kg2 Qxa2 29. Qxa2 Nxa2 30. Ra1 Rc2 31. e5 Bd8 32. d5 Rb2 33. Nfd4
Nc3 34. Rxa7 Nxd5 35. Re2 Rxe2 36. Nxe2 Bc7 37. Nf4 Bxe5 38. Nxd5 exd5 39. Rd7
Bc3 40. Rxd5 Ra8 41. Na5 Rb8 42. Nb3 g6 43. g4 Re8 44. Kf3 Kg7 45. Rb5 Re5 46.
Rb7 h5 47. h3 h4 48. Nc1 Rd5 49. Ne2 Rd3+ 50. Kg2 Bd2 51. Ng1 b3 52. Nf3 Bf4
53. Rb4 Bc1 54. Ne5 Rd5 55. Nxg6 fxg6 56. Rxb3 g5 {[#] Bauern auf einem Flügel,
festungsähnliche weiße Position wird durch Zugzwang und Figurenopfer auf f2
mit nachfolgender Opposition f2/f4 gewonnen.} 57. Rc3 Bf4 58. Rb3 Kf6 59. Kf3
Rd6 60. Ra3 Rb6 61. Rc3 Be5 62. Ra3 Ke6 63. Rd3 Rb4 64. Kg2 Rf4 65. Ra3 Bd4 66.
Ra6+ Kd5 67. Ra5+ Bc5 68. Ra2 Rf7 69. Re2 Bd4 70. Ra2 Ke4 71. Re2+ Kd3 72. Ra2
Rf8 {[#] Zugzwang!} 73. Kg1 (73. Kf1 Rb8 74. Ra3+ Ke4 75. Kg2 Rb2 76. Rf3 Rxf2+
$19) (73. Ra3+ Ke4 74. Ra2 Rxf2+ $19) 73... Rf3 $2 (73... Rxf2 74. Rxf2 Ke4 75.
Kg2 Bxf2 76. Kxf2 Kf4 $19 {Opposition}) 74. Kg2 Rf7 75. Ra3+ Ke4 76. f3+ Kd5 {
[%cal Rf7b7,Rb7b2]} 77. Ra5+ Bc5 78. Ra4 Be3 0-1

[Event "UKR-ch"]
[Site "Ordzhonikidze"]
[Date "2001.09.13"]
[Round "6"]
[White "Moiseenko, Alexander"]
[Black "Berelowitsch, Alexander"]
[Result "0-1"]
[WhiteElo "2581"]
[BlackElo "2513"]
[Annotator "Hecht,H"]
[PlyCount "135"]
[EventDate "2001.09.08"]
[EventType "swiss"]
[EventRounds "9"]
[EventCountry "UKR"]
[SourceTitle "CBM 086"]
[Source "ChessBase"]
[SourceDate "2002.02.05"]
[SourceVersion "1"]
[SourceVersionDate "2002.02.05"]
[SourceQuality "1"]

1. d4 e6 2. Nf3 d5 3. c4 c5 4. cxd5 exd5 5. g3 Nc6 6. Bg2 Nf6 7. O-O Be7 8.
dxc5 Bxc5 9. Bg5 d4 10. Nbd2 h6 11. Bxf6 Qxf6 12. Ne4 Qe7 13. Nxc5 Qxc5 14. Nd2
O-O 15. Nb3 Qe5 16. Bxc6 bxc6 17. Qxd4 Qxe2 18. Rfe1 Qb5 19. Re5 Qb6 20. Nc5
Bh3 21. Rae1 Qd8 22. Qf4 Rb8 23. b3 a5 24. a3 Qd6 25. g4 Rbe8 26. f3 h5 27.
gxh5 Rxe5 28. Qxe5 Qd2 29. Qg3 Qd4+ 30. Qf2 Qf4 31. Ne4 Be6 32. Qe3 Qh4 33. Kh1
Bd5 34. Rc1 Bxe4 35. Qxe4 Qxh5 36. Qxc6 g6 37. Rd1 Rb8 38. Qc3 Re8 39. Qd3 Qc5
40. a4 Rb8 41. Kg2 Qg5+ 42. Kh1 Re8 43. Rg1 Qf6 44. Rc1 Qh4 45. Qd2 Qh3 46. Qf2
Re5 47. Rd1 Re8 48. Qg2 Qf5 49. Qf2 Qf6 50. Rd4 Re5 51. Kg2 Qe7 52. Re4 Rxe4
53. fxe4 Qxe4+ 54. Qf3 Qxf3+ 55. Kxf3 {[#] Schlechte Bauernstruktur:
rückständiger Bauer} Kf8 56. b4 $6 (56. Ke4 $1 Ke7 (56... f5+ 57. Kd3 Ke7 (
57... g5 $2 58. b4 $1) 58. h4 Kd6 59. Kc4 Ke5 60. b4 axb4 61. Kxb4 Kd6 62. Kc4
Kc6 63. Kd4 Kb6 64. Ke5 Ka5 65. h5 $11) 57. Kd5 g5 (57... f5 58. h4 $11) 58.
Kc5 $11 {wegen b4}) 56... axb4 57. a5 {Jetzt gibt es ein einfaches
Freibauernrennen mit anschließendem Damenendspiel "1-2 auf einem Flügel", das
nicht ausgespielt wurde und auch nicht unser Thema ist.} (57. Ke3 Ke7 58. Kd4
f5 59. Kc4 f4 $19) 57... b3 58. a6 b2 59. a7 b1=Q 60. a8=Q+ Kg7 61. Kg2 Qc2+
62. Kg3 Qd3+ 63. Kg2 Qe2+ 64. Kg3 Qe3+ 65. Kg2 g5 66. Qd5 Kg6 67. Qd6+ Kh5 68.
Qf6 0-1

[Event "USA-ch"]
[Site "Seattle"]
[Date "2002.01.05"]
[Round "1"]
[White "Seirawan, Yasser"]
[Black "Lapshun, Yury"]
[Result "1/2-1/2"]
[WhiteElo "2644"]
[BlackElo "2384"]
[Annotator "Hecht,H"]
[PlyCount "95"]
[EventDate "2002.01.05"]
[EventType "swiss"]
[EventRounds "9"]
[EventCountry "USA"]
[SourceTitle "CBM 087"]
[Source "ChessBase"]
[SourceDate "2002.03.21"]
[SourceVersion "1"]
[SourceVersionDate "2002.03.21"]
[SourceQuality "1"]

1. c4 e6 2. d4 d5 3. Nf3 c6 4. e3 Nf6 5. Bd3 Nbd7 6. O-O Be7 7. Nbd2 c5 8. cxd5
exd5 9. b3 O-O 10. Bb2 b6 11. Rc1 Bb7 12. Qc2 Rc8 13. Qb1 Rc7 14. dxc5 bxc5 15.
e4 dxe4 16. Nxe4 Nxe4 17. Bxe4 Bxe4 18. Qxe4 Bf6 19. Bxf6 Nxf6 20. Qc4 Re8 21.
Rfe1 Rxe1+ 22. Nxe1 Qd2 23. Qd3 Qxd3 24. Nxd3 Nd7 25. Kf1 Kf8 26. Ke2 Ke7 27.
Nb2 Nb6 28. Nc4 Nd5 29. Ne3 Nxe3 30. Kxe3 Rc6 31. h4 Re6+ 32. Kd3 Rd6+ 33. Kc3
Re6 34. Rc2 Kd6 35. Kd3 Rf6 36. f3 Rf4 37. Rc4 Rxc4 38. Kxc4 {[#] Nicht
ausreichender weißer Raumvorteil. Wegen der Möglichkeit a6 kann Schwarz nie in
Zugzwang kommen, so dass der König stets zwischen c6 und d6 pendeln kann.} Kc6
39. g4 h6 40. h5 (40. g5 h5 41. f4 g6 42. a3 a6 $11) 40... g5 41. a4 (41. hxg6
fxg6 42. f4 Kd6 43. Kd3 h5 44. f5 hxg4 45. fxg6 $11) (41. f4 f6 42. f5 a6 $11)
(41. a3 f6 42. a4 a6 $11) 41... f6 42. b4 cxb4 43. Kxb4 Kb6 44. Kc4 Ka5 45. Kb3
Ka6 46. Kb4 Kb6 47. Kc4 Ka5 48. Kb3 1/2-1/2

[Event "Balatonbereny GM"]
[Site "Balatonbereny"]
[Date "1996.??.??"]
[Round "8"]
[White "Bacrot, Etienne"]
[Black "Dao, Thien Hai"]
[Result "0-1"]
[WhiteElo "2420"]
[BlackElo "2560"]
[Annotator "Hecht,H"]
[PlyCount "88"]
[EventDate "1996.06.13"]
[EventType "tourn"]
[EventRounds "11"]
[EventCountry "HUN"]
[EventCategory "11"]
[SourceTitle "CBM 055"]
[Source "ChessBase"]
[SourceDate "1996.12.01"]
[SourceVersion "1"]
[SourceVersionDate "1996.12.01"]
[SourceQuality "1"]

1. d4 d5 2. c4 e6 3. Nf3 c6 4. Qc2 Nd7 5. g3 Bd6 6. Bg2 Ne7 7. O-O O-O 8. e4
dxc4 9. Qxc4 e5 10. Qe2 exd4 11. Nxd4 Ne5 12. Rd1 Qc7 13. h3 Bc5 14. Nc3 b5 15.
Be3 Qb6 16. a4 Nc4 17. a5 Qa6 18. Ne6 Bxe6 19. Bxc5 Rfe8 20. f4 b4 21. Bxb4 Qb7
22. Bxe7 Qxe7 23. f5 Qc5+ 24. Qf2 Qxf2+ 25. Kxf2 Bc8 26. b3 Ne5 27. b4 Rb8 28.
Rab1 Kf8 29. Na4 Ba6 30. Nc5 Bb5 31. Rd4 Red8 32. Rbd1 Rxd4 33. Rxd4 Ke7 34.
Bf1 Bc4 35. Rxc4 Nxc4 36. Bxc4 {[#] fehelendes Zusammenspiel zwischen L+S;
besser Aufgabe von b4 und e4, damit der S nicht am Rand verhungert.} Rxb4 37.
Bd3 (37. Be2 $142 Kd6 38. Nd3 Rxe4 39. a6 c5 $17) 37... Kd6 38. Na6 Ra4 39. Ke3
f6 40. g4 c5 41. Nb8 Rxa5 42. e5+ fxe5 43. g5 Ra3 44. Kd2 Ra4 0-1

[Event "EU-Cup 18th"]
[Site "Kallithea"]
[Date "2002.09.22"]
[Round "1.5"]
[White "Zlotnik, Boris A"]
[Black "Tregubov, Pavel V"]
[Result "0-1"]
[WhiteElo "2423"]
[BlackElo "2599"]
[Annotator "Hecht,H"]
[PlyCount "114"]
[EventDate "2002.09.22"]
[EventType "team-swiss"]
[EventRounds "7"]
[EventCountry "GRE"]
[SourceTitle "CBM 092"]
[Source "ChessBase"]
[SourceDate "2003.02.06"]
[SourceVersion "1"]
[SourceVersionDate "2003.02.06"]
[SourceQuality "1"]
[WhiteTeam "Reverte Albox"]
[BlackTeam "Norilsk Nikel"]
[WhiteTeamCountry "ESP"]
[BlackTeamCountry "RUS"]

1. Nf3 d5 2. c4 e6 3. d4 c6 4. Qc2 dxc4 5. Qxc4 Nf6 6. g3 b5 7. Qc2 Bb7 8. Bg2
Nbd7 9. O-O c5 10. Bg5 Rc8 11. dxc5 Bxc5 12. Qb3 a6 13. Nfd2 Bxg2 14. Kxg2 Be7
15. Bxf6 Nxf6 16. a4 b4 17. Rd1 Qc7 18. Nf3 O-O 19. Nbd2 g6 20. Rac1 Qxc1 21.
Rxc1 Rxc1 22. Qd3 Ra8 23. Nd4 Rc7 24. N2f3 Bf8 25. Qb3 Re8 26. Qd3 Ra8 27. Qb3
Re8 28. Qd3 e5 29. Qxa6 exd4 30. Qxf6 Rxe2 31. a5 Rxb2 32. Nxd4 Ra2 33. Qb6 Rd7
34. Nb3 Ra3 35. Qb5 Rc7 36. Qb6 Rd7 37. Qb5 Rc7 38. Qb6 Rc8 39. Nd4 Ra2 40. Ne6
b3 41. Nxf8 Rxf8 42. Qxb3 Rxa5 {[#] Schwarz bemüht sich um einen Doppelangriff
gegen einen der weißen Bauern und sollte dennoch nicht über ein Remis hinaus
kommen.} 43. g4 h5 44. h3 hxg4 45. hxg4 Re8 46. Kg3 Rae5 47. Qb6 Rd5 48. Qb7
Rd3+ 49. Kg2 Red8 50. Qe7 Rc8 51. Qe4 Rd2 52. Kg3 Rc3+ 53. f3 Rdd3 54. g5 Rd8 (
54... Rxf3+ 55. Qxf3 Rxf3+ 56. Kxf3 Kf8 57. Ke4 Ke8 58. Kd4 $11) 55. Qe5 Rcd3
56. Qe7 R8d5 57. Kg4 R3d4+ $15 {Aufgabe?! Es folgt f4 ebenso wie bei} (57...
Rf5 58. f4 $15) 0-1